Crash records systems : (Record no. 529871)

000 -LEADER
fixed length control field 02140cam a22004577a 4500
001 - CONTROL NUMBER
control field 13973716
003 - CONTROL NUMBER IDENTIFIER
control field NUST
005 - DATE AND TIME OF LATEST TRANSACTION
control field 20191004104541.0
008 - FIXED-LENGTH DATA ELEMENTS--GENERAL INFORMATION
fixed length control field 050518s2005 dcuab b 000 0 eng d
010 ## - LIBRARY OF CONGRESS CONTROL NUMBER
LC control number 2005927780
020 ## - INTERNATIONAL STANDARD BOOK NUMBER
International Standard Book Number 0309097541 (pbk.)
035 ## - SYSTEM CONTROL NUMBER
System control number (OCoLC)ocm64431607
038 ## - RECORD CONTENT LICENSOR
Staff Name MSOHAIL
040 ## - CATALOGING SOURCE
Original cataloging agency OSU
Transcribing agency OSU
Modifying agency OSU
-- OHI
-- DLC
042 ## - AUTHENTICATION CODE
Authentication code lccopycat
050 00 - LIBRARY OF CONGRESS CALL NUMBER
Classification number HE194
Item number .C73 2005
050 14 - LIBRARY OF CONGRESS CALL NUMBER
Classification number TE7
Item number .N33 no. 350
Classification number HE194
082 ## - DEWEY DECIMAL CLASSIFICATION NUMBER
Classification number 0
245 00 - TITLE STATEMENT
Title Crash records systems :
Remainder of title a synthesis of highway practice.
260 ## - PUBLICATION, DISTRIBUTION, ETC.
Place of publication, distribution, etc. Washington, D.C. :
Name of publisher, distributor, etc. Transportation Research Board,
Date of publication, distribution, etc. 2005.
300 ## - PHYSICAL DESCRIPTION
Extent 35 p. :
Other physical details ill., map ;
Dimensions 28 cm.
490 1# - SERIES STATEMENT
Series statement NCHRP synthesis,
International Standard Serial Number 0547-5570 ;
Volume/sequential designation 350
500 ## - GENERAL NOTE
General note At head of title: National Cooperative Highway Research Program.
504 ## - BIBLIOGRAPHY, ETC. NOTE
Bibliography, etc. note Includes bibliographical references (p. 30-31).
530 ## - ADDITIONAL PHYSICAL FORM AVAILABLE NOTE
Additional physical form available note Also available online from Transportation Research Board's web site; Adobe Acrobat Reader required.
536 ## - FUNDING INFORMATION NOTE
Text of note "Research sponsored by the American Association of State Highway and Transportation Officials in cooperation with the Federal Highway Administration."
Project number Project 20-5 FY 2003 (Topic 35-03)
650 #0 - SUBJECT ADDED ENTRY--TOPICAL TERM
Topical term or geographic name entry element Transportation accidents
General subdivision Investigation
-- Data processing.
9 (RLIN) 22855
650 #0 - SUBJECT ADDED ENTRY--TOPICAL TERM
Topical term or geographic name entry element Traffic accident investigation
General subdivision Data processing.
9 (RLIN) 22856
650 #0 - SUBJECT ADDED ENTRY--TOPICAL TERM
Topical term or geographic name entry element Traffic safety
General subdivision Research
-- Data processing.
9 (RLIN) 22857
650 #0 - SUBJECT ADDED ENTRY--TOPICAL TERM
Topical term or geographic name entry element Transportation
General subdivision Safety measures.
9 (RLIN) 22858
710 2# - ADDED ENTRY--CORPORATE NAME
Corporate name or jurisdiction name as entry element National Cooperative Highway Research Program.
9 (RLIN) 20864
710 2# - ADDED ENTRY--CORPORATE NAME
Corporate name or jurisdiction name as entry element American Association of State Highway and Transportation Officials.
9 (RLIN) 19553
710 1# - ADDED ENTRY--CORPORATE NAME
Corporate name or jurisdiction name as entry element United States.
Subordinate unit Federal Highway Administration.
9 (RLIN) 20149
710 2# - ADDED ENTRY--CORPORATE NAME
Corporate name or jurisdiction name as entry element National Research Council (U.S.).
Subordinate unit Transportation Research Board.
9 (RLIN) 22859
830 #0 - SERIES ADDED ENTRY--UNIFORM TITLE
Uniform title Synthesis of highway practice ;
Volume/sequential designation 350.
9 (RLIN) 22860
856 41 - ELECTRONIC LOCATION AND ACCESS
Uniform Resource Identifier <a href="http://onlinepubs.trb.org/onlinepubs/nchrp/nchrp%5Fsyn%5F350.pdf">http://onlinepubs.trb.org/onlinepubs/nchrp/nchrp%5Fsyn%5F350.pdf</a>
Public note Connect to title (Online)
906 ## - LOCAL DATA ELEMENT F, LDF (RLIN)
a 7
b cbc
c copycat
d 2
e epcn
f 20
g y-gencatlg
942 ## - ADDED ENTRY ELEMENTS (KOHA)
Source of classification or shelving scheme
Koha item type Book
Holdings
Withdrawn status Lost status Source of classification or shelving scheme Damaged status Not for loan Permanent Location Current Location Date acquired Total Checkouts Barcode Date last seen Price effective from Koha item type
          School of Civil and Environmental Engineering (SCEE) School of Civil and Environmental Engineering (SCEE) 10/04/2019   NIT-11159 10/04/2019 10/04/2019 Book
© 2023 Central Library, National University of Sciences and Technology. All Rights Reserved.